Countries Andrzej Duda has visited - Statistics

General Stats
  • This quiz has been taken 135 times
    69 since last reset
  • The average score is 48 of 57
Answer Stats
Continent Country % Correct
Oceania Australia
100%
Europe Austria
100%
Asia China
100%
Europe Czech Republic
100%
Europe Finland
100%
Europe Germany
100%
Asia Japan
100%
Europe Norway
100%
Asia South Korea
100%
Europe Ukraine
100%
Europe United Kingdom
100%
North America United States of America
100%
Europe Belgium
94%
North America Canada
94%
Europe Croatia
94%
Africa Egypt
94%
Europe Estonia
94%
Europe France
94%
Europe Hungary
94%
Asia Israel
94%
Europe Latvia
94%
Europe Lithuania
94%
Oceania New Zealand
94%
Europe Portugal
94%
Europe Slovakia
94%
Europe Spain
94%
Europe Switzerland
94%
Europe Bulgaria
89%
Europe Denmark
89%
Europe Italy
89%
Europe Slovenia
89%
Europe the Netherlands
89%
Asia/ Europe Turkey
89%
Europe Albania
83%
North America Mexico
83%
Europe Romania
83%
Europe Cyprus
78%
Europe Greece
78%
Europe Moldova
78%
Europe Montenegro
78%
Europe North Macedonia
78%
Asia Qatar
78%
Asia United Arab Emirates
78%
Europe Vatican City
78%
Asia Azerbaijan
72%
Europe Bosnia and Herzegovina
72%
Asia Georgia
72%
Europe Malta
72%
Asia Kazakhstan
67%
Asia Afghanistan
56%
Africa Nigeria
56%
Asia Kuwait
50%
Asia Mongolia
50%
Africa Senegal
50%
Asia Tajikistan
50%
Africa Ethiopia
44%
Africa Ivory Coast
39%
No matching quizzes found
Score Distribution
Percent of People with Each Score
Percentile by Number Answered
Your Score History
You have not taken this quiz since the last reset